00324nam a2200121 a 450000500170000000800410001702000180005805000230007610000160009924500490011526000290016430000090019320140412111313.0111028s19uu xx 00 eng d a0-689-71409-2 aTR(PS EbTh34 1986 aHowe, James aTher's a monster under my bed /cJames Howe. aU.S.A :bAladdin,c1986. aunp.